000 00650nam a2200241Ia 4500
003 OSt
005 20220912153120.0
006 a|||||r|||| 00| 0
007 ta
008 220909b |||||||| |||| 00| 0 eng d
024 _a20547
037 _cTextual
040 _aCSL
_beng
_cCSL
041 _aeng
082 _aB281, K1;LO
100 _aMosteller Frederick
245 0 _aProbability eith statistical applications
300 _ap.
_ccm.
700 _a Rourke Robert E K
700 _a Thomas George B
942 _hB281, K1;LO
_cTEXL
_2CC
999 _c98296
_d98296